Tôn Gia Ngân tuyển tập

Hình tượng nhân dân trong hài kịch Moliere; Bi kịch cổ điển Pháp; Hài kịch Moliere

Shranjeno v:
Bibliografske podrobnosti
Glavni avtor: Tôn Gia Ngân 1924-1985
Drugi avtorji: Tôn Thảo Miên (tuyển chọn, giới thiệu)
Format: Knjiga
Jezik:Vietnamese
Izdano: H. Văn học 2017
Teme:
Oznake: Označite
Brez oznak, prvi označite!
Thư viện lưu trữ: Mạng thư viện Đại học Đà Nẵng
LEADER 01357nam a2200361 4500
001 000025391
003 21884
005 20171006101057.0
008 171006s2017 viesd
020 |a 978-604-69-9698-9 
041 0 |a vie 
082 1 4 |a 842.4  |b TÔ-N 
100 1 |a Tôn Gia Ngân  |d 1924-1985 
245 1 0 |a Tôn Gia Ngân tuyển tập  |c Tôn Thảo Miên tuyển chọn, giới thiệu 
260 |a H.  |b Văn học  |c 2017 
300 |a 776 tr.  |c 21 cm. 
520 3 |a Hình tượng nhân dân trong hài kịch Moliere; Bi kịch cổ điển Pháp; Hài kịch Moliere 
600 1 4 |a Molière  |d 1622-1673 
650 0 4 |a Kịch Pháp  |x Hài kịch  |z Thời kỳ cổ điển 
650 0 4 |a Kịch Pháp  |x Bi kịch  |z Thời kỳ cổ điển 
653 |a Văn học Pháp 
653 |a Văn học thời kỳ cổ điển 
700 1 |a Tôn Thảo Miên  |e tuyển chọn, giới thiệu 
OWN |a LSP 
AVA |a UDN50  |b LSP  |d 842.4 TÔ-N  |e available  |t Error 5001 Not defined in file expand_doc_bib_avail.  |f 4  |g 0  |h N  |i 0  |k 1 
999 |a From the UDN01 
AVA |a UDN50  |b LSP  |d 842.4 TÔ-N  |e available  |t Error 5001 Not defined in file expand_doc_bib_avail.  |f 4  |g 0  |h N  |i 0  |k 1 
TYP |a Monograph 
TYP |a Printed language 
980 |a Mạng thư viện Đại học Đà Nẵng